| 000 | 01556cam a22003977a 4500 | ||
|---|---|---|---|
| 003 | CHAP | ||
| 005 | 20220329143027.0 | ||
| 008 | 050907d2004 mx r 00110 spa d | ||
| 010 | _a90868 | ||
| 011 | _a91840 | ||
| 020 | _a9707223197 | ||
| 035 | _a102403 | ||
| 040 | _cCHAP | ||
| 082 | 0 | 4 |
_a551.45 _bS35 |
| 100 | 0 | 0 |
_aSalas Quintanal, Hernán _eed. _9101322 |
| 245 | 1 | 0 |
_aDesierto y fronteras. El norte de México y otros contextos culturales : _bV Coloquio Paul Kirchhoff _c/ed. por Hernán Salas Quintanal, Rafael Pérez-Taylor |
| 260 |
_aMéxico, D. F. : _bUniversidad Nacional Autónoma de México. Plaza y Valdés, _c2004. |
||
| 300 | _a499 p. | ||
| 590 |
_aBATCH-UPD _b10 _c20130110 _lUCH01 _h0558 |
||
| 590 |
_aBATCH-UPD _b10 _c20130110 _lUCH01 _h2350 |
||
| 590 |
_aBATCH-UPD _b10 _c20130410 _lUCH01 _h0239 |
||
| 590 |
_aBATCH-UPD _b10 _c20130410 _lUCH01 _h1637 |
||
| 590 |
_aBATCH-UPD _b10 _c20130914 _lUCH01 _h1153 |
||
| 590 |
_aCONVERSION _b10 _c20130109 _lUCH01 _h1350 |
||
| 650 | 1 | 4 |
_aAntropologia. _96133 |
| 650 | 1 | 4 |
_aDesiertos _xChile. _932146 |
| 650 | 1 | 4 |
_aDesiertos _xMéxico. _932151 |
| 650 | 1 | 4 |
_aIndios de América Latina _xCultura. _957588 |
| 700 | 0 |
_aPérez Taylor, Rafael _eed. _990051 |
|
| 901 | _aBK | ||
| 905 | _aLilia | ||
| 942 | _cLIBRO | ||
| 949 |
_a551.45 S35 _bBC _cLIBRO _d33724000960878 _eLIBRO _fc.2 _gI.c/e _h196816 _i102403 _si _t$290.00 |
||
| 949 |
_a551.45 S35 _bBC _cLIBRO _d33724000960886 _eLIBRO _fc.3 _gI.c/e _h196817 _i102403 _si _t$290.00 |
||
| 949 |
_a551.45 S35 _bBC _cLIBRO _d33724000960951 _eLIBRO _gI.c/e _h196815 _i102403 _si _t$290.00 |
||
| 999 |
_c90868 _d90868 |
||